000 00419nam a2200145 i 4500
001 bg
100 1 _aWÓJCICKI, Mieczysław
245 0 _aSprężarki :
_btechnologia robót i eksploatacja /
_cMieczysław Wójcicki, Mieczysław Walkiewicz.
260 _aWarszawa :
_bArkady,
_c1977.
700 1 _aWALKIEWICZ, Mieczysław
040 _cBPK
041 _apol
942 _cKS
008 s pl f |000 0 pol
999 _c17591
_d17591
856 _uhttp://koha.tu.koszalin.pl/cgi-bin/koha/opac-detail.pl?biblionumber=17591
_yKatalog online BPK